The everlasting gospel : (Record no. 19836)
[ view plain ]
| 000 -LEADER | |
|---|---|
| fixed length control field | 00826cam a2200253 a 4500 |
| 001 - CONTROL NUMBER | |
| control field | 19836 |
| 003 - CONTROL NUMBER IDENTIFIER | |
| rucl marc code | BD-RjUL |
| 005 - DATE AND TIME OF LATEST TRANSACTION | |
| control field | 20211209000502.0 |
| 008 - FIXED-LENGTH DATA ELEMENTS--GENERAL INFORMATION | |
| fixed length control field | 140225s1958 enk b 00011 eng d |
| 035 ## - SYSTEM CONTROL NUMBER | |
| System control number | (BD-RjUL)19897 |
| System control number | (BD-RjUL) |
| 040 ## - CATALOGING SOURCE | |
| Original cataloging agency | ANL |
| Transcribing agency | ANL |
| Language of cataloging | eng |
| Modifying agency | BD-RjUL |
| 041 ## - LANGUAGE CODE | |
| Language code of text/sound track or separate title | eng |
| 082 00 - DEWEY DECIMAL CLASSIFICATION NUMBER | |
| Classification number | 821.7 |
| Edition number | 20 |
| Author mark and year | MOE 1958 |
| 100 1# - MAIN ENTRY--PERSONAL NAME | |
| Personal name | Morton, A. L. |
| Fuller form of name | (Arthur Leslie), |
| Dates associated with a name | 1903-1987. |
| 9 (RLIN) | 60917 |
| 245 14 - TITLE STATEMENT | |
| Title | The everlasting gospel : |
| Remainder of title | a study in the sources of William Blake / |
| Statement of responsibility, etc. | by A.L. Morton. |
| 260 ## - PUBLICATION, DISTRIBUTION, ETC. (IMPRINT) | |
| Place of publication, distribution, etc. | London : |
| Name of publisher, distributor, etc. | Lawrence & Wishart, |
| Date of publication, distribution, etc. | c1958. |
| 300 ## - PHYSICAL DESCRIPTION | |
| Pagination | 64 p. ; |
| Size | 19 cm. |
| 504 ## - BIBLIOGRAPHY, ETC. NOTE | |
| Bibliography, etc | Includes bibliographical references. |
| 600 10 - SUBJECT ADDED ENTRY--PERSONAL NAME | |
| Personal name | Blake, William, |
| Dates associated with a name | 1757-1827 |
| General subdivision | Religion. |
| Personal name | Blake, William, |
| Dates associated with a name | 1757-1827 |
| General subdivision | Sources. |
| 650 #0 - SUBJECT ADDED ENTRY--TOPICAL TERM | |
| Topical term or geographic name as entry element | Religion in literature. |
| 9 (RLIN) | 55235 |
| 942 ## - ADDED ENTRY ELEMENTS (KOHA) | |
| Source of classification or shelving scheme | Dewey Decimal Classification |
| Koha item type | Books |
| Lost status | Source of classification or shelving scheme | Damaged status | Not for loan | Collection code | Permanent Location | Current Location | Shelving location | Date acquired | Source of acquisition | Total Checkouts | Full call number | Date last seen | Copy number | Koha item type |
|---|---|---|---|---|---|---|---|---|---|---|---|---|---|---|
| Dewey Decimal Classification | Not For Loan | Fiction | Central Library, University of Rajshahi | Central Library, University of Rajshahi | Reading Room | 25/10/1990 | Shaukat Osman | 821.7 MOE 1958 | 25/02/2014 | C-1 | Books |